Vista normal
Vista MARC
Entrada Corporate Name
Número de registros utilizados en: 2
001 - CONTROL NUMBER
- control field: 38544
003 - CONTROL NUMBER IDENTIFIER
- control field: OSt
005 - DATE AND TIME OF LATEST TRANSACTION
- control field: 20210719115451.0
008 - FIXED-LENGTH DATA ELEMENTS
- fixed length control field: 210719|| aca||aabn | a|a d
040 ## - CATALOGING SOURCE
- Original cataloging agency: OSt
- Transcribing agency: OSt
110 ## - HEADING--CORPORATE NAME
- Corporate name or jurisdiction name as entry element: PriceWaterhouseCoopers
670 ## - SOURCE DATA FOUND
- Source citation: Work cat.: (OSt)8114: 16371, Doing business and investing in Colombia /, 2006